MARC

LEADER 00000nam0a2200000 4500
001 137829
005 20231031141213.0
010 |a 5343009468 
020 |a RU  |b 92-23738 
035 |a (RuTPU)RU\TPU\book\149362 
090 |a 137829 
100 |a 20080516d1992 m a0rusy5003 ca 
101 0 |a rus 
102 |a BY 
105 |a a z 001zy 
200 1 |a Герметология  |f Л. С. Пинчук  |g Академия наук Белорусской ССР (АН БССР), Институт механики металлополимерных систем 
210 |a Минск  |c Навука i тэхнiка  |d 1992 
215 |a 216 с.  |c ил. 
320 |a Библиогр.: с. 207-212. 
320 |a Предм. указ.: с. 213-214. 
610 1 |a герметизация 
610 1 |a герметики 
675 |a 621.887  |v 3 
700 1 |a Пинчук  |b Л. С.  |g Леонид Семенович 
712 0 2 |a Академия наук Белорусской ССР (АН БССР)  |b Институт механики металлополимерных систем  |2 stltpush  |3 (RuTPU)RU\TPU\col\12159 
801 0 |a RU  |b RuMRKP  |c 19950417  |g psbo 
801 1 |a RU  |b 63413507  |c 20080516  |g PSBO 
801 2 |a RU  |b 63413507  |c 20081222  |g PSBO 
942 |c BK